| 000 | 00594naa a22002297a 4500 | ||
|---|---|---|---|
| 001 | 29049 | ||
| 003 | 94308 | ||
| 005 | 20201118100612.0 | ||
| 008 | ||||||n9999 ||| || || | ||
| 041 | _aspa | ||
| 100 | _aLindblom, Charles E. | ||
| 245 | 0 | _aLa ciencia de salir del paso | |
| 260 |
_aMéxico : _bMiguel Ángel Porrúa, _c1992. |
||
| 300 | _a24p | ||
| 562 | _e0 | ||
| 650 | _aANÁLISIS DE CASOS | ||
| 650 | _aFORMULACION DE POLITICAS | ||
| 650 | _aPOLÍTICA DE AUSTERIDAD | ||
| 650 | _aTOMA DE DECISIONES | ||
| 773 |
_015666 _aLa hechura de las políticas |
||
| 942 | _cCHAP | ||
| 999 |
_c29049 _d29049 |
||